| 000 | 00950nam0a22002891 4500 | ||
|---|---|---|---|
| 001 | rc\2909852 | ||
| 005 | 20250806211330.0 | ||
| 035 | _a(NLR Aleph) 007060631 | ||
| 090 |
_a50121 _c50121 |
||
| 100 | _a20110805d1943 u y0rusy50 ca | ||
| 101 | 0 | _arus | |
| 102 | _aRU | ||
| 105 | _ay z ||||| | ||
| 200 | 1 |
_aРусская гвардия _e(Лит.-муз. композиция) _fСост. Сергей Динин |
|
| 210 |
_aМосква _cВсесоюз. упр. по охране авт. прав _d1943 |
||
| 215 |
_a24 с. _d27 см |
||
| 300 | _aСтеклогр. изд. | ||
| 300 | _aНа обл. сост. не указан | ||
| 700 | 1 |
_aДинин _bС.М. _gСергей Михайлович |
|
| 801 | 0 |
_aRU _bNLR _gpsbo |
|
| 801 | 1 |
_aRU _bELAR _2rusmarc |
|
| 852 |
_aNLR _jЛ30 Г-8/45 |
||
| 942 | _cBOOK | ||
| 945 | _aРоссийская национальная библиотека | ||
| 980 | _aNB | ||
| 980 | _aBV | ||